000 00496nam a22001937a 4500
003 MPLRDC
005 20220104144038.0
008 210129b ||||| |||| 00| 0 eng d
020 _a957-9546-20-7
082 _a848.2 LQX-2 v.1 c.2
100 _a林清玄著
245 _a天边有一颗星星
_c
250 _a初版七印
260 _a
_b健行文化出版事业有限
_c1991
300 _b
490 _a家庭丛书;18
650 _a现代别集
942 _cBK
_o848.2 LQX-2 v.1 c.2
999 _c45857
_d45847